Americae Publicae Quiz - Statistics

General Stats
  • This quiz has been taken 24 times
    22 since last reset
  • The average score is 10 of 50
Answers on the Map
Answers color-coded by a green-red scale on the quiz's map according to % correct below.
 
Answer Stats
Publica % Correct
California
93%
Florida
71%
Georgia
71%
Montana
71%
Alasca
50%
Arizona
50%
Indiana
43%
Oregonia
43%
Alabama
36%
Carolina Septentrionalis
36%
Nebrasca
36%
Virginia
36%
Novum Mexicum
29%
Tennesia
29%
Dacota Septentrionalis
21%
Mississippia
21%
Pennsilvania
21%
Texia
21%
Dacota Meridionalis
14%
Havaii
14%
Idahum
14%
Iova
14%
Minnesota
14%
Oclahoma
14%
Uta
14%
Arcansia
7%
Cansia
7%
Carolina Meridionalis
7%
Coloratum
7%
Kentukia
7%
Michigania
7%
Missuria
7%
Novum Eboracum
7%
Ohium
7%
Vasintonia
7%
Virginia Occidentalis
7%
Visconsinia
7%
Cenomannica
0%
Connecticuta
0%
Delavaria
0%
Illinoesia
0%
Ludoviciana
0%
Massaciusetta
0%
Mons Viridis
0%
Nivata
0%
Nova Caesaria
0%
Nova Hantescira
0%
Rhodensis Insula
0%
Terra Mariae
0%
Vyomina
0%
No matching quizzes found
Score Distribution
Percent of People with Each Score
Percentile by Number Answered
Your Score History
You have not taken this quiz since the last reset